01637nam a2200205Ia 450000500170000000800410001704000440005804100080010208200120011010000200012224500840014226000640022630000350029049000690032550005840039450503800097850600210135865000240137965000280140320200228132758.0130821s1911 fr fr 1 spa  aCo-BoUCMbspacSandra YazodSandra Yazo0 aspa04a3702201 aEdmundo Gabriel10aManual de pedagogía para uso de las escuelas católicascpor Edmundo Gabriel aParís (Francia)bLibrería de la Vda de Ch. Bouretc1911 avi, 360 páginasc18 x 12 cm.0 aCurso de estudios de las Escuelas Cristianas / por G. M. Bruño aDetalles físicos: Encuadernación rígida en cartón forrado en tela marrón. Lomo con adornos en dorado y negro. Tapa delantera con datos de publicación impresos, enmarcada en un recuadro. Visibles restos de cinta pegante. Guardas. Hoja de cortesía. Anteportada, al verso una anotación manuscrita de donación (Juan Crisóstomo García). Portada impresa en una sola tinta con monograma (iniciales del editor). Texto impreso en una sola columna, con varios tipos y tamaños de letra, párrafos numerados. Notas al pie de página. Papel con oxidación en bordes0 aPrólogo ; La educación ; El niño ; Generalidades, percepción exterior, razón ; Memoria, imaginación, lenguaje ; Conciencia moral ; Sensibilidad moral o corazón ; Voluntad ; El educador, cualidades ; La enseñanza ; Organización pedagógica de la escuela ; Cursos programas reglamento registros y cuadernos ; Metodología general ; Metodología especial aConsulta en sala 7aEducaciónxManual 7aPedagogíaxCatólica